Major activity in Asia Minor (Record no. 83839)
[ view plain ]
| 000 -LEADER | |
|---|---|
| fixed length control field | 00874cab a22001935a 4500 |
| 001 - CONTROL NUMBER | |
| control field | L155250 |
| 008 - FIXED-LENGTH DATA ELEMENTS--GENERAL INFORMATION | |
| fixed length control field | 120313e2012 xxk 000 0 eng d |
| 035 ## - SYSTEM CONTROL NUMBER | |
| System control number | (Sirsi) u155250 |
| 041 0# - LANGUAGE CODE | |
| Language code of text/sound track or separate title | eng |
| 110 2# - MAIN ENTRY--CORPORATE NAME | |
| Corporate name or jurisdiction name as entry element | EuroProperty |
| 9 (RLIN) | 1216 |
| 245 00 - TITLE STATEMENT | |
| Title | Major activity in Asia Minor |
| 260 ## - PUBLICATION, DISTRIBUTION, ETC. | |
| Date of publication, distribution, etc. | 2012 |
| 490 #0 - SERIES STATEMENT | |
| Series statement | EuroProperty |
| Volume/sequential designation | 5 March 2012, 12-13(2) |
| 520 ## - SUMMARY, ETC. | |
| Summary, etc. | Turkey with a young population and 6% GDP growth remains a top investment prospect with retail investors particularly positive. Turkey is the seventh largest market in Europe and its population is the third biggest in Europe after Russia and Germany. Charts based on Cushman & Wakefield data cover commercial rents whose rise is powered by young consumers, and commercial yields where compression is the long-term trend. |
| 590 ## - LOCAL NOTE (RLIN) | |
| Local note | KA |
| 651 #4 - SUBJECT ADDED ENTRY--GEOGRAPHIC NAME | |
| Geographic name | Turkey |
| 690 ## - LOCAL SUBJECT ADDED ENTRY--TOPICAL TERM (OCLC, RLIN) | |
| Topical term or geographic name as entry element | Commercial property |
| 9 (RLIN) | 6227 |
| 942 ## - ADDED ENTRY ELEMENTS (KOHA) | |
| Suppress in OPAC | 0 |
| Withdrawn status | Lost status | Source of classification or shelving scheme | Damaged status | Not for loan | Home library | Current library | Shelving location | Date acquired | Total Checkouts | Full call number | Barcode | Date last seen | Copy number | Price effective from | Koha item type |
|---|---|---|---|---|---|---|---|---|---|---|---|---|---|---|---|
| Dewey Decimal Classification | London | London | Journal article | 13/03/2012 | L155250 | 155250-1001 | 06/08/2019 | 1 | 06/08/2019 | Journal article |